LEADER 01216nam 2200385 450 001 990000946190203316 010 $a3-540-19089-9 035 $a0094619 035 $aUSA010094619 035 $a(ALEPH)000094619USA01 035 $a0094619 100 $a20020205d1988----km-y0itay0103----ba 101 $aeng 102 $aDE 105 $a||||||||001yy 200 1 $aSensor and sensory systems for advanced robots$fed. by Paolo Dario 210 $aBerlin$cSpringer$dc1988 215 $aXI, 597 p$d24 cm 225 2 $aNato Asi series$hSeries F$iComputer and systems sciences$v43 300 $aAtti di un convegno tenuto a Maratea 410 $12001$aNato Asi series$hSeries F$iComputer and systems sciences$v43 606 0 $aRobotica$xCongressi$z1986 606 0 $aRivelatori$xCongressi$z1986 676 $a629.892 702 1$aDARIO,$bPaolo 801 0$aIT$bsalbc$gISBD 912 $a990000946190203316 951 $a629.892 SEN$b10819 ING$c629.892 959 $aBK 969 $aTEC 979 $aPATTY$b90$c20020205$lUSA01$h1522 979 $c20020403$lUSA01$h1737 979 $aPATRY$b90$c20040406$lUSA01$h1705 996 $aSensor and sensory systems for advanced robots$9973856 997 $aUNISA LEADER 00861nam0-22003011i-450- 001 990001663400403321 005 20050506105231.0 035 $a000166340 035 $aFED01000166340 035 $a(Aleph)000166340FED01 035 $a000166340 100 $a20030910d1978----km-y0itay50------ba 101 0 $afre 200 1 $aRaces ovines mediterraneennes en regression$fC.H. Brooke, M.L. Ryder$gFAO 210 $aRoma$cFAO$d1978 215 $aVI, 63 p.$d30 cm 225 1 $aÉtude FAO production et santé animales$v8 610 0 $aOvini 676 $a636.3 700 1$aBrooke,$bC.H.$0354058 701 1$aRyder,$bM.l.$0354059 801 0$aIT$bUNINA$gRICA$2UNIMARC 901 $aBK 912 $a990001663400403321 952 $a60 COLL. FAO 8/8$fFAGBC 959 $aFAGBC 996 $aRaces ovines mediterraneennes en regression$9373225 997 $aUNINA